| 000 | 01063nam0a22002771 4500 | ||
|---|---|---|---|
| 001 | rc\2182914 | ||
| 005 | 20110829163155.6 | ||
| 035 | _a(NLR Aleph) 006609367 | ||
| 090 |
_a7332438 _c7332438 |
||
| 100 | _a20110829d1978 |||y0rusy50 ca | ||
| 101 | 0 | _arus | |
| 102 | _aRU | ||
| 105 | _ay z ||||| | ||
| 200 | 1 |
_aКомсомол, физическая культура и спорт _eСб. материалов участнику секции 23 съезда ВЛКСМ "Физ. и воен.-патриорт. воспитание молодежи. Комсомол и Сов. Вооруж. Силы" _fОтв. ред.: Арутюнян С.Г., [и др.] _gВЛКСМ |
|
| 210 |
_aМосква _cБ. и. _d1978 |
||
| 215 |
_a208 с. _d20 |
||
| 702 | 1 |
_aАрутюнян _bС. Г. _4340 |
|
| 712 | 0 | 2 |
_aВЛКСМ _3RU\NLR\AUTH\8810022490 |
| 801 | 0 |
_aRU _bNLR _gpsbo |
|
| 801 | 1 |
_aRU _bELAR _2rusmarc |
|
| 852 |
_aNLR _j78-3/6472 |
||
| 899 |
_aRuMoRGB _jБ 78-23/365 |
||
| 899 |
_aRuMoRGB _jБ 78-23/366 |
||
| 899 |
_aRuMoRGB _jВО 682/256 |
||
| 942 | _cBOOK | ||
| 980 | _aNB | ||